00852nam a2200265 a 450000100100000000500170001000800410002702000180006804000250008608200250011110000270013624500420016325000110020526000470021630000200026349000210028349000190030465000290032365000310035283000280038383000260041104900090043795201230044699900170056900002640120240412074252.0110316s2007 dr 000 j spa d a9789993475170 aDO-SdBNPbspacBNPHU aRD863.44bJ41o, 20071 aJavier, Eulogio95344010aOdio a los espejos /cEulogio Javier. a2a ed. aSanto Domingo :bEdiciones CEDIBIL,c2007. a87 p. ;c21 cm.1 aCalímaco ;v251 aNarrativa ;v6 0aCuentos dominicanos9176 0aLiteratura dominicana.967 0aCalímaco ;v25914052 0aNarrativa ;n6953441 aBNPD 0010718PDaPDbPDcCTd2011-03-16iLF1l0oRD863.44 J41o, 2007p26401-10r2020-06-25w2020-06-25yLFPDZNo se presta c25893d25893